| 000 | 00732nam a2200181Ia 4500 | ||
|---|---|---|---|
| 008 | 100921s9999 xx 000 0 und d | ||
| 082 |
_b23753 _a550 थ 25 |
||
| 100 | _aकोल्हटकर बाळकृष्ण श्रीधर. | ||
| 245 | _aसृष्टीशास्त्र. | ||
| 260 |
_bकोल्हटकर बाळकृष्ण श्रीधर,पुणे. _c1925 |
||
| 300 |
_a196 _b--- |
||
| 365 | _b1.5 | ||
| 520 | _aविज्ञान-भौमिक शास्त्रे. | ||
| 630 | _aसृष्टीशास्त्र. | ||
| 650 | _aविज्ञान-भौमिक शास्त्रे. | ||
| 730 | _aसृष्टीशास्त्र. | ||
| 942 | _cBOOK | ||
| 999 |
_c772866 _d772863 |
||